| 000 | 00497nam a2200181Ia 4500 | ||
|---|---|---|---|
| 005 | 20250508150921.0 | ||
| 008 | 008 250505s9999 xx 000 0 eng d | ||
| 037 | _aTextual | ||
| 040 |
_aFEDL _beng _cFEDL |
||
| 041 |
_aeng _2eng |
||
| 084 |
_a372.891, HIL _qFEDL |
||
| 100 |
_aHill J C _9755734 |
||
| 245 | 0 | _aIntroduction to geography | |
| 260 |
_aLondon, UK _bOxford University Press _c1946 |
||
| 300 | _a96p. | ||
| 942 |
_cTEXL _h372.891, HIL |
||
| 999 |
_c1326456 _d1326456 |
||